[Event "RUS-ch (Women) 1st League 57th"]
[Site "Obninsk"]
[Date "2007.02.24"]
[Round "1"]
[White "Fatianova, Tatiana"]
[Black "Nikitina, Elena"]
[Result "1/2-1/2"]
[WhiteElo "2270"]
[BlackElo "2032"]
[PlyCount "156"]
[EventDate "2007.02.24"]
[EventType "swiss"]
[EventRounds "9"]
[EventCountry "RUS"]
[SourceTitle "EXT 2010"]
[Source "ChessBase"]
[SourceDate "2010.11.25"]
[SourceVersion "1"]
[SourceVersionDate "2010.11.25"]
[SourceQuality "1"]

1. e4 c5 2. b3 Nc6 3. Bb2 d6 4. Bb5 Bd7 5. Nc3 Nf6 6. d3 e6 7. f4 Be7 8. Bxc6 Bxc6 9. Qe2 Qc7 10. 0-0-0 b5 11. g4 b4 12. Nb1 d5 13. e5 Nd7 14. Nf3 Rc8 15. Nbd2 Nb6 16. Rhf1 d4 17. Nc4 Nd5 18. Nfd2 Bb5 19. a4 bxa3 20. Nxa3 Qa5 21. Ndc4 Bxc4 22. Nxc4 Qa6 23. Kd2 Qb5 24. Ra1 Qb4+ 25. Kd1 Rc7 26. Ra4 Qb8 27. Qe4 Nb6 28. Nxb6 Qxb6 29. Ke2 Kd7 30. Rfa1 h5 31. g5 g6 32. Ra6 Qb8 33. R1a4 Qa8 34. Qxa8 Rxa8 35. Kd2 Kc8 36. b4 Rb8 37. Rxa7 Rxb4 38. Rxc7+ Kxc7 39. Rxb4 cxb4 40. Bxd4 Kc6 41. Ba7 Kb7 42. Bf2 Kc6 43. Kc1 Kb5 44. Kb2 Ka4 45. Ba7 Bf8 46. d4 Be7 47. Bb8 Bd8 48. Ba7 Ba5 49. Bc5 Bd8 50. c3 bxc3+ 51. Kxc3 Kb5 52. Kd3 Ba5 53. Ba3 Bb6 54. Bf8 Bc7 55. Be7 Bb6 56. Bd6 Bd8 57. h3 Bb6 58. f5 Kc6 59. fxg6 fxg6 60. Kc4 Bd8 61. h4 Ba5 62. Bb4 Bb6 63. Be1 Bc7 64. Bf2 Ba5 65. Bg3 Bb6 66. Be1 Bc7 67. Bb4 Bb6 68. Bf8 Bc7 69. Ba3 Bb6 70. Bc5 Bc7 71. Be7 Bb6 72. Ba3 Bc7 73. Bc5 Bb8 74. Ba3 Bc7 75. Be7 Bb6 76. Bc5 Bc7 77. Bb4 Bb6 78. Bd6 Bd8 1/2-1/2

[Event "Wroclaw WSB Masters"]
[Site "Wroclaw"]
[Date "2006.04.30"]
[Round "6"]
[White "Kochetkov, German"]
[Black "Fatianova, Tatiana"]
[Result "1/2-1/2"]
[WhiteElo "2364"]
[BlackElo "2237"]
[PlyCount "31"]
[EventDate "2006.04.27"]
[EventType "tourn"]
[EventRounds "11"]
[EventCountry "POL"]
[EventCategory "4"]
[SourceTitle "CBM 112 Extra"]
[Source "ChessBase"]
[SourceDate "2006.07.14"]
[SourceVersion "1"]
[SourceVersionDate "2006.07.14"]
[SourceQuality "1"]

1. Nf3 d5 2. d4 Nf6 3. c4 dxc4 4. e3 e6 5. Bxc4 c5 6. 0-0 a6 7. dxc5 Bxc5 8. Qxd8+ Kxd8 9. a3 Ke7 10. b4 Bd6 11. Bb2 Nc6 12. Nbd2 b6 13. Be2 Bb7 14. Nc4 Bc7 15. Rfc1 Rac8 16. Nfe5 1/2-1/2